=LDR 00000nam 2200000 4500 =001 INLIS000000000034186 =005 20130612140112 =008 ***********************************ind** =035 ##$$0010-061300000034186 =041 ##$$a ind =082 ##$$a 006.68 =090 ##$$a 006.68, Ent k.1 =100 ##$$a ENTERPRISE, Juhlee =245 ##$$a Kreasi bingkai 30 dengan 3 D Studio max 7, Juhlee Enterprise =260 ##$$a 2006 $b Jakarta =300 ##$$a vii, 163 hlm, ilus, 21 cm =650 ##$$a Bingkai 3D =850 ##$$a NBPNMAT